Geography Quiz

Random Geography or World Quiz

Ultimate Border Challenge: 'P-R' Quiz Stats

 Plays Quiz Updated Mar 14, 2018

Score 0/55 Timer 04:00
15 Plays Today
% Correct
Brazil
95.8%
Brazil
95.8%
Israel
94.8%
Spain
94.7%
China
94.5%
China
94.5%
India
93.8%
Germany
93.2%
Argentina
92.1%
Colombia
91.6%
Colombia
91.6%
Chile
90.5%
Afghanistan
90.5%
Ukraine
90.4%
Ukraine
90.4%
Ukraine
90.4%
Bolivia
89.7%
Bolivia
89.7%
Saudi Arabia
89.3%
Lithuania
87.8%
Lithuania
87.9%
Jordan
86.8%
Belarus
85.9%
Belarus
85.9%
Latvia
85%
Ecuador
84.8%
Dem. Rep. of the Congo
83.3%
Dem. Rep. of the Congo
83.3%
% Correct
Mongolia
82.6%
Estonia
81.9%
Costa Rica
81.1%
Czechia
81.1%
Iran
81%
Bulgaria
81%
Indonesia
80.6%
Russia
80.6%
Slovakia
79.6%
Hungary
78.6%
Kazakhstan
78.3%
Egypt
76.1%
Finland
74.9%
Moldova
72.8%
Georgia
72.2%
Uganda
71.2%
North Korea
70%
Azerbaijan
68.6%
Cen. Afr. Rep.
67.8%
Serbia
66.2%
Burundi
64.8%
Norway
59.2%
Tanzania
59.2%
Cameroon
58.9%
Angola
55.9%
Poland
54.7%
Gabon
52.4%

You're not logged in!

Compare scores with friends on all Sporcle quizzes.
OR
Log In

You Might Also Like...

Show Comments

Extras

Top Quizzes Today


Score Distribution

Your Account Isn't Verified!

In order to create a playlist on Sporcle, you need to verify the email address you used during registration. Go to your Sporcle Settings to finish the process.

Report this User

Report this user for behavior that violates our Community Guidelines.

Details: